[Event "Schwarzach op 37th"]
[Site "Schwarzach"]
[Date "2024.07.14"]
[Round "1"]
[White "Eilenberg, Jonas"]
[Black "Hager, Herbert"]
[Result "1-0"]
[WhiteElo "2303"]
[BlackElo "2053"]
[PlyCount "47"]
[EventDate "2024.07.14"]
[EventType "swiss"]
[EventRounds "9"]
[EventCountry "AUT"]
[SourceTitle "CBM 221 Extra"]
[Source "ChessBase"]
[SourceDate "2024.09.30"]
[SourceVersion "1"]
[SourceVersionDate "2024.09.30"]
[SourceQuality "1"]

1. d4 Nf6 2. c4 e6 3. Nc3 Bb4 4. Qc2 d5 5. cxd5 exd5 6. Bg5 0-0 7. e3 Be6 8. Bd3 h6 9. Bh4 Nbd7 10. Nge2 c5 11. dxc5 Rc8 12. 0-0 Bxc5 13. Rfd1 g5 14. Bg3 Nh5 15. Bh7+ Kh8 16. Bf5 Nxg3 17. Nxg3 Bd6 18. Nh5 Nf6 19. Bxe6 fxe6 20. Qg6 Nxh5 21. Qxh6+ Kg8 22. Qxe6+ Kg7 23. Rxd5 Rc5 24. Qg4 1-0

[Event "Bregenz Bodensee Seniors op"]
[Site "Bregenz"]
[Date "2024.05.11"]
[Round "7"]
[White "Plauth Herr, Sabine"]
[Black "Hager, Herbert"]
[Result "0-1"]
[WhiteElo "1920"]
[BlackElo "2022"]
[PlyCount "68"]
[EventDate "2024.05.05"]
[EventType "swiss"]
[EventRounds "7"]
[EventCountry "AUT"]
[SourceTitle "CBM 220 Extra"]
[Source "ChessBase"]
[SourceDate "2024.07.31"]
[SourceVersion "1"]
[SourceVersionDate "2024.07.31"]
[SourceQuality "1"]

1. d4 d5 2. c4 c6 3. cxd5 cxd5 4. Nc3 Nf6 5. Bf4 Nc6 6. e3 a6 7. a3 Bf5 8. Bd3 Bg6 9. Nf3 e6 10. 0-0 Be7 11. Rc1 0-0 12. Bxg6 hxg6 13. Ne5 Rc8 14. b4 Nxe5 15. Bxe5 Qd7 16. Qa4 Rc6 17. Rc2 b5 18. Qb3 Rfc8 19. Rfc1 Rc4 20. h3 R8c6 21. Kf1 Qc8 22. f3 Nd7 23. Bg3 Nb6 24. Ke2 Qd7 25. Kd3 Bd6 26. Ne2 Bxg3 27. Nxg3 Qd6 28. f4 g5 29. Ne2 gxf4 30. exf4 e5 31. fxe5 Qg6+ 32. Kd2 Qxg2 33. Qe3 Rxc2+ 34. Rxc2 Nc4+ 0-1

[Event "Balatonlelle op"]
[Site "Balatonlelle"]
[Date "2003.06.26"]
[Round "6"]
[White "Hager, Herbert"]
[Black "Ruck, Tamas"]
[Result "1/2-1/2"]
[WhiteElo "2142"]
[BlackElo "2295"]
[PlyCount "69"]
[EventDate "2003.06.21"]
[EventType "swiss"]
[EventRounds "9"]
[EventCountry "HUN"]
[SourceTitle "EXT 2004"]
[Source "ChessBase"]
[SourceDate "2003.11.25"]
[SourceVersion "1"]
[SourceVersionDate "2003.11.25"]
[SourceQuality "1"]

1. d4 d5 2. Nf3 Nc6 3. Bf4 Bg4 4. e3 e6 5. Be2 Bd6 6. Bg3 Nf6 7. c4 dxc4 8. 0-0 0-0 9. Bxc4 Bxg3 10. hxg3 Qd6 11. Nc3 Rfd8 12. a3 Na5 13. Be2 c5 14. Qa4 Nc6 15. Rfd1 a6 16. Rac1 cxd4 17. Nxd4 Bxe2 18. Ndxe2 Qe5 19. Qf4 g5 20. Qxe5 Nxe5 21. Rxd8+ Rxd8 22. Nd4 Nd3 23. Rc2 Kg7 24. Kf1 Kg6 25. Ke2 Ne5 26. Na4 b5 27. Nc5 Rd6 28. Nb7 Rb6 29. Na5 Ne4 30. b3 Rd6 31. Nb7 Rd5 32. Na5 g4 33. Nac6 Nxc6 34. Rxc6 Kg7 35. Rxa6 1/2-1/2

[Event "Balatonlelle op"]
[Site "Balatonlelle"]
[Date "2003.06.21"]
[Round "1"]
[White "Csiszar, Csaba"]
[Black "Hager, Herbert"]
[Result "1-0"]
[WhiteElo "2385"]
[BlackElo "2142"]
[PlyCount "87"]
[EventDate "2003.06.21"]
[EventType "swiss"]
[EventRounds "9"]
[EventCountry "HUN"]
[SourceTitle "EXT 2004"]
[Source "ChessBase"]
[SourceDate "2003.11.25"]
[SourceVersion "1"]
[SourceVersionDate "2003.11.25"]
[SourceQuality "1"]

1. d4 Nf6 2. Nf3 b6 3. e3 Bb7 4. Bd3 e6 5. 0-0 Be7 6. Nbd2 d5 7. Ne5 c5 8. c3 Nbd7 9. f4 g6 10. Qf3 Qc7 11. Qh3 Rf8 12. Ndf3 Nxe5 13. fxe5 Ne4 14. Nd2 Kd7 15. Nxe4 dxe4 16. Bc4 cxd4 17. Bb5+ Bc6 18. Bxc6+ Qxc6 19. exd4 Qb5 20. Bh6 Qxb2 21. Bxf8 Rxf8 22. Qe3 Qc2 23. Rfd1 h6 24. Qxh6 Rc8 25. Rac1 Qe2 26. Re1 Qg4 27. Qh3 Qxh3 28. gxh3 Bg5 29. Rc2 e3 30. h4 Bh6 31. Kf1 Rc4 32. Ke2 Kc6 33. Kd3 Kd5 34. Rf1 Rc7 35. c4+ Kc6 36. Rf6 Kb7 37. Rg2 Bg7 38. Rf3 Bh6 39. Rg1 b5 40. Rb1 a6 41. cxb5 a5 42. a4 Kb6 43. Rbf1 e2 44. Re1 1-0

[Event "AUT-chT2M 0203"]
[Site "Austria"]
[Date "2002.10.12"]
[Round "2"]
[White "Woeber, Friedrich"]
[Black "Hager, Herbert"]
[Result "1/2-1/2"]
[WhiteElo "2176"]
[BlackElo "2142"]
[PlyCount "32"]
[EventDate "2002.10.11"]
[EventType "team-tourn"]
[EventRounds "11"]
[EventCountry "AUT"]
[SourceTitle "CBM 090 Extra"]
[Source "ChessBase"]
[SourceDate "2002.11.07"]
[SourceVersion "1"]
[SourceVersionDate "2002.11.07"]
[SourceQuality "1"]

1. e4 c5 2. d4 cxd4 3. c3 d3 4. Bxd3 d6 5. Nf3 Nd7 6. 0-0 Ngf6 7. Re1 e6 8. c4 Be7 9. Nc3 0-0 10. h3 b6 11. Bf4 a6 12. e5 dxe5 13. Nxe5 Bb7 14. Qe2 Nxe5 15. Bxe5 Qc8 16. Rad1 Qc6 1/2-1/2

[Event "AUT-chT2M 0203"]
[Site "Austria"]
[Date "2002.10.11"]
[Round "7"]
[White "Wurm, Christoph"]
[Black "Hager, Herbert"]
[Result "1/2-1/2"]
[WhiteElo "2155"]
[BlackElo "2142"]
[PlyCount "145"]
[EventDate "2002.10.11"]
[EventType "team-tourn"]
[EventRounds "11"]
[EventCountry "AUT"]
[SourceTitle "EXT 2004"]
[Source "ChessBase"]
[SourceDate "2003.11.25"]
[SourceVersion "1"]
[SourceVersionDate "2003.11.25"]
[SourceQuality "1"]

1. e4 c5 2. Nf3 d6 3. d4 cxd4 4. Nxd4 Nf6 5. Nc3 a6 6. a4 e6 7. Be2 Nc6 8. 0-0 Be7 9. Be3 0-0 10. f4 Qc7 11. Kh1 Bd7 12. Nb3 b6 13. Qd2 Rfd8 14. Bd3 Rab8 15. Qf2 Bc8 16. Rfd1 Nd7 17. h3 Bb7 18. Nd2 Ba8 19. Be2 Bf6 20. Ra3 Nb4 21. Rc1 Nc5 22. Bd4 e5 23. fxe5 dxe5 24. Bxc5 Qxc5 25. Qxc5 bxc5 26. Nf3 h6 27. Bc4 Kf8 28. Kg1 Bg5 29. Nxg5 hxg5 30. Rb3 Rd4 31. Bd5 c4 32. Rxb4 Rxb4 33. Bxa8 Rxb2 34. Bd5 Rd2 35. Kf1 g6 36. Nd1 Rbxc2 37. Rxc2 Rxc2 38. Ne3 Ra2 39. Nxc4 f6 40. a5 Rc2 41. Ne3 Rc1+ 42. Ke2 Ke7 43. Nc4 Kd7 44. Kf3 Kc7 45. Ne3 Ra1 46. Ng4 Rxa5 47. Nxf6 Ra1 48. Ng4 Kd6 49. Ne3 Kc5 50. Kg4 Re1 51. Nc4 Rg1 52. g3 Kd4 53. h4 gxh4 54. Kxh4 Rc1 55. Na5 Ke3 56. Kg5 Rg1 57. Kxg6 Rxg3+ 58. Kf5 Kd4 59. Nc6+ Kc5 60. Nxe5 a5 61. Nd7+ Kd6 62. Nf6 Rf3+ 63. Kg5 a4 64. Ng4 a3 65. Ba2 Ke7 66. e5 Rd3 67. Nh6 Rg3+ 68. Kf4 Rg2 69. Nf5+ Ke8 70. Nd6+ Kd7 71. Bc4 a2 72. Bxa2 Rxa2 73. Ne4 1/2-1/2

[Event "Balatonlelle op"]
[Site "Balatonlelle"]
[Date "2002.06.23"]
[Round "3"]
[White "Hager, Herbert"]
[Black "Markus, Robert"]
[Result "0-1"]
[WhiteElo "2142"]
[BlackElo "2477"]
[PlyCount "78"]
[EventDate "2002.06.21"]
[EventType "swiss"]
[EventRounds "9"]
[EventCountry "HUN"]
[SourceTitle "EXT 2004"]
[Source "ChessBase"]
[SourceDate "2003.11.25"]
[SourceVersion "1"]
[SourceVersionDate "2003.11.25"]
[SourceQuality "1"]

1. d4 f5 2. e4 fxe4 3. Nc3 Nf6 4. Bg5 Nc6 5. d5 Ne5 6. Qd4 Nf7 7. Bxf6 exf6 8. 0-0-0 Be7 9. Nxe4 0-0 10. g4 d6 11. Ng3 c5 12. Qe4 Re8 13. Kb1 f5 14. gxf5 Bf6 15. Qf3 Ng5 16. Qd3 b5 17. c3 c4 18. Qc2 Rb8 19. f4 Nf7 20. Nf3 b4 21. Bxc4 bxc3 22. b3 Rb4 23. Rhe1 Rxe1 24. Rxe1 Kf8 25. Qd3 Qb6 26. Kc2 Rxc4 27. Qxc4 Ba6 28. Qe4 Qf2+ 29. Re2 Bxe2 30. Qxe2 Qc5 31. Qd3 Qa3 32. Qb5 Qxa2+ 33. Kd3 Qb1+ 34. Ke3 c2 35. Qb8+ Bd8 36. Ne2 c1Q+ 37. Nxc1 Qxc1+ 38. Ke4 Qc2+ 39. Ke3 Qc7 0-1

[Event "AUT-chT2M 0102"]
[Site "Austria"]
[Date "2002.01.12"]
[Round "6.5"]
[White "Hager, Herbert"]
[Black "Loeffler, Christoph"]
[Result "1/2-1/2"]
[WhiteElo "2144"]
[BlackElo "2174"]
[PlyCount "130"]
[EventDate "2001.11.02"]
[EventType "team-tourn"]
[EventRounds "11"]
[EventCountry "AUT"]
[SourceTitle "EXT 2003"]
[Source "ChessBase"]
[SourceDate "2002.11.25"]
[SourceVersion "1"]
[SourceVersionDate "2002.11.25"]
[SourceQuality "1"]

1. d4 Nf6 2. c4 g6 3. Nc3 d5 4. cxd5 Nxd5 5. e4 Nxc3 6. bxc3 Bg7 7. Nf3 c5 8. Be3 0-0 9. Be2 Qa5 10. 0-0 Nc6 11. d5 Ne5 12. Nd2 c4 13. Bd4 Qc7 14. Qa4 b5 15. Qxb5 Rb8 16. Qa4 Rb2 17. Rfd1 Ng4 18. Bxg4 Bxg4 19. Qxc4 Qf4 20. Be3 Qe5 21. f3 Rc8 22. Qd4 Qxd4 23. Bxd4 Bxd4+ 24. cxd4 Rcc2 25. fxg4 Rxd2 26. Rxd2 Rxd2 27. Rb1 Rxd4 28. Rb7 Rxe4 29. Rxa7 Kf8 30. h3 Rd4 31. Ra8+ Kg7 32. Re8 Rxd5 33. Rxe7 Ra5 34. Re2 Kf6 35. Kf2 Kg5 36. Kg3 Ra3+ 37. Kf2 f5 38. gxf5 Kxf5 39. Ke1 g5 40. Kd1 h5 41. Kc1 g4 42. Kb2 Ra8 43. hxg4+ hxg4 44. a3 g3 45. Re3 Kf4 46. Rf3+ Kg4 47. Ka2 Ra7 48. Rf8 Re7 49. Rb8 Kf4 50. a4 Ke3 51. Ka3 Kd4 52. Rb3 Rg7 53. Rf3 Kc4 54. Rf4+ Kc5 55. Kb3 Rg5 56. Rc4+ Kd5 57. Kb4 Rg8 58. Rc5+ Kd6 59. a5 Rb8+ 60. Rb5 Re8 61. a6 Kc7 62. Ka5 Re2 63. Rb7+ Kc8 64. Rb5 Kc7 65. a7 Rxg2 1/2-1/2

[Event "Oberwart op"]
[Site "Oberwart"]
[Date "2001.??.??"]
[Round "9"]
[White "Fucak, Emilijo"]
[Black "Hager, Herbert"]
[Result "1-0"]
[WhiteElo "2353"]
[BlackElo "2142"]
[PlyCount "90"]
[EventDate "2001.??.??"]
[EventType "swiss"]
[EventRounds "9"]
[EventCountry "AUT"]
[SourceTitle "EXT 2002"]
[Source "ChessBase"]
[SourceDate "2001.11.25"]
[SourceVersion "1"]
[SourceVersionDate "2001.11.25"]
[SourceQuality "1"]

1. Nf3 c5 2. b3 d6 3. e3 g6 4. Bb2 e5 5. Bb5+ Nc6 6. 0-0 Bg7 7. d4 exd4 8. exd4 Nge7 9. Qc1 0-0 10. Bxc6 Nxc6 11. dxc5 dxc5 12. Bxg7 Kxg7 13. Nc3 Nd4 14. Nxd4 Qxd4 15. Nb5 Qf6 16. Nc7 Rb8 17. Nd5 Qe5 18. c4 Re8 19. Qa3 b6 20. Rad1 Rb7 21. Qc1 Be6 22. Rfe1 Qf5 23. Re3 Bxd5 24. Rxe8 Bc6 25. Qc3+ f6 26. Ree1 Rd7 27. Rxd7+ Qxd7 28. Qe3 Kf7 29. h3 Qd6 30. Qe2 Qd7 31. Rd1 Qe7 32. Qxe7+ Kxe7 33. f3 h5 34. h4 a5 35. Kf2 Bd7 36. Ke3 Bf5 37. Kf4 Bc2 38. Rd2 Bb1 39. g4 Ke6 40. Re2+ Kf7 41. Rb2 Bd3 42. Rd2 Bb1 43. g5 fxg5+ 44. Kxg5 Ke7 45. Kf4 Bf5 1-0

[Event "Oberwart op"]
[Site "Oberwart"]
[Date "2001.??.??"]
[Round "4"]
[White "Hager, Herbert"]
[Black "Dvoirys, Semen I"]
[Result "0-1"]
[WhiteElo "2142"]
[BlackElo "2568"]
[PlyCount "72"]
[EventDate "2001.??.??"]
[EventType "swiss"]
[EventRounds "9"]
[EventCountry "AUT"]
[SourceTitle "EXT 2002"]
[Source "ChessBase"]
[SourceDate "2001.11.25"]
[SourceVersion "1"]
[SourceVersionDate "2001.11.25"]
[SourceQuality "1"]

1. d4 Nf6 2. c4 g6 3. Nc3 d5 4. cxd5 Nxd5 5. e4 Nxc3 6. bxc3 Bg7 7. Nf3 c5 8. Be3 0-0 9. Rb1 b6 10. Bc4 Bb7 11. Qd3 cxd4 12. cxd4 Nc6 13. 0-0 Na5 14. d5 Nxc4 15. Qxc4 Qd7 16. Rfc1 Rac8 17. Qb4 e6 18. d6 e5 19. h3 Rfd8 20. Nd2 Qxd6 21. Rxc8 Bxc8 22. Qxd6 Rxd6 23. Rc1 Be6 24. Rc7 f5 25. f3 Rd7 26. Rc2 h6 27. Kf2 Kf7 28. h4 b5 29. Nb3 Bf8 30. Rc6 Bc4 31. Ra6 fxe4 32. Rxa7 Rxa7 33. Bxa7 Ke6 34. Bc5 Bxc5+ 35. Nxc5+ Kd5 36. Na6 Kd4 0-1

[Event "Bayern-chI Bank Hofmann 4th"]
[Site "Bad Wiessee"]
[Date "2000.11.02"]
[Round "6"]
[White "Hager, Herbert"]
[Black "Blecken, Volker"]
[Result "1-0"]
[WhiteElo "2135"]
[BlackElo "2275"]
[PlyCount "89"]
[EventDate "2000.10.28"]
[EventType "swiss"]
[EventRounds "9"]
[EventCountry "GER"]
[SourceTitle "EXT 2003"]
[Source "ChessBase"]
[SourceDate "2002.11.25"]
[SourceVersion "1"]
[SourceVersionDate "2002.11.25"]
[SourceQuality "1"]

1. d4 d5 2. c4 c6 3. Nc3 Nf6 4. Nf3 a6 5. e3 e6 6. Bd3 b5 7. b3 Nbd7 8. 0-0 Be7 9. Bb2 0-0 10. Qc2 g6 11. Ne2 bxc4 12. bxc4 dxc4 13. Qxc4 Bb7 14. Rad1 Rc8 15. Nf4 c5 16. Nxe6 fxe6 17. Qxe6+ Kg7 18. d5 Nb6 19. Be4 Qd6 20. Qh3 Nc4 21. Bc3 Kg8 22. Ng5 Qd7 23. Qh6 Bd6 24. Bd3 Ng4 25. Qh3 Bxh2+ 26. Kh1 Be5 27. Bxc4 Bxc3 28. d6+ Kh8 29. Be6 Qg7 30. Qxg4 Qh6+ 31. Kg1 Rcd8 32. Nf7+ Rxf7 33. Bxf7 Bc6 34. f4 Bb5 35. Rf3 Be2 36. Rc1 Bd2 37. Qe6 Qg7 38. Rxc5 Qa1+ 39. Kh2 Bxf3 40. Rc8 Rxc8 41. Qxc8+ Kg7 42. Qg8+ Kh6 43. Qf8+ Kh5 44. Qe7 h6 45. Qe6 1-0

[Event "Bayern-chI Bank Hofmann 4th"]
[Site "Bad Wiessee"]
[Date "2000.10.29"]
[Round "2"]
[White "Hager, Herbert"]
[Black "Senff, Martin"]
[Result "0-1"]
[WhiteElo "2135"]
[BlackElo "2354"]
[PlyCount "66"]
[EventDate "2000.10.28"]
[EventType "swiss"]
[EventRounds "9"]
[EventCountry "GER"]
[SourceTitle "EXT 2003"]
[Source "ChessBase"]
[SourceDate "2002.11.25"]
[SourceVersion "1"]
[SourceVersionDate "2002.11.25"]
[SourceQuality "1"]

1. Nf3 d5 2. d4 Nf6 3. c4 e6 4. Nc3 c6 5. cxd5 exd5 6. g3 Bd6 7. Bg2 0-0 8. 0-0 Re8 9. e4 Nxe4 10. Nxe4 Rxe4 11. Ne5 Rxe5 12. dxe5 Bxe5 13. Re1 Bf6 14. Be3 Be6 15. Bd4 Nd7 16. Rc1 Be7 17. Bc3 Nf6 18. Qd2 Qb6 19. Bf3 a5 20. g4 h6 21. g5 hxg5 22. Re5 g4 23. Bg2 c5 24. Bxd5 Nxd5 25. Rxd5 Bxd5 26. Qxd5 Rd8 27. Qe4 Qh6 28. Re1 Bd6 29. Be5 Re8 30. Qxb7 Qd2 31. Re3 Bxe5 32. Rxe5 Qd1+ 33. Kg2 Qf3+ 0-1

[Event "AUT-chT2M 9899"]
[Site "Austria"]
[Date "1999.02.27"]
[Round "8"]
[White "Peterwagner, Heinz"]
[Black "Hager, Herbert"]
[Result "1-0"]
[WhiteElo "2215"]
[BlackElo "2205"]
[PlyCount "62"]
[EventDate "1998.11.??"]
[EventType "team-swiss"]
[EventRounds "11"]
[EventCountry "AUT"]
[SourceTitle "EXT 2000"]
[Source "ChessBase"]
[SourceDate "1999.11.16"]
[SourceVersion "1"]
[SourceVersionDate "1999.11.16"]
[SourceQuality "1"]

1. e4 c5 2. Nc3 Nc6 3. Nf3 Nf6 4. d4 cxd4 5. Nxd4 d6 6. Be2 e6 7. 0-0 Be7 8. Be3 0-0 9. f4 a6 10. Bf3 Qc7 11. Kh1 Bd7 12. Qe1 Nxd4 13. Bxd4 e5 14. Be3 b5 15. fxe5 dxe5 16. Qg3 Kh8 17. Bg5 Be6 18. Rf2 Rac8 19. Raf1 Rfd8 20. Bxf6 gxf6 21. Nd5 Bxd5 22. exd5 Qc4 23. b3 Qd4 24. Rd1 Qc3 25. Qh4 Rg8 26. Be4 Rg7 27. Rf3 Qb4 28. Qh3 Rcg8 29. Qf5 Qd6 30. Rh3 Rg6 31. Qh5 R8g7 1-0

[Event "Jacques Lemans op 18th"]
[Site "St Veit"]
[Date "1999.??.??"]
[Round "3.6"]
[White "Hager, Herbert"]
[Black "Kaspret, Guido"]
[Result "0-1"]
[WhiteElo "2185"]
[BlackElo "2335"]
[PlyCount "97"]
[EventDate "1999.07.??"]
[EventType "swiss"]
[EventRounds "9"]
[EventCountry "AUT"]
[SourceTitle "EXT 2004"]
[Source "ChessBase"]
[SourceDate "2003.11.25"]
[SourceVersion "1"]
[SourceVersionDate "2003.11.25"]
[SourceQuality "1"]

1. Nf3 Nf6 2. c4 g6 3. b3 Bg7 4. Bb2 0-0 5. g3 d6 6. Bg2 e5 7. 0-0 c5 8. Nc3 Nc6 9. Ne1 Be6 10. Nc2 Qd7 11. Re1 Bh3 12. Bh1 Ng4 13. Ne4 h6 14. f3 Nf6 15. Nxf6+ Bxf6 16. Ne3 Bg7 17. Nd5 Be6 18. f4 Rae8 19. Bc3 Nd4 20. e3 Bg4 21. Qb1 Ne2+ 22. Kf2 Nxc3 23. dxc3 exf4 24. gxf4 Qd8 25. Qc2 Re6 26. Rg1 Qh4+ 27. Rg3 Bf5 28. Qe2 Qxh2+ 29. Bg2 Qh4 30. Rd1 Rfe8 31. Re1 Qd8 32. Bf3 Rf8 33. Rh1 Ree8 34. Bg4 Be4 35. Bf3 Bxd5 36. Bxd5 Qf6 37. Qd3 Kh7 38. Bxb7 Qxc3 39. Qxc3 Bxc3 40. Bd5 Kg7 41. Ke2 Bf6 42. Kf3 Rh8 43. Rh2 Be7 44. Bc6 Rc8 45. Bd7 Rc7 46. Bg4 a5 47. Kg2 h5 48. Bd1 Rh7 49. Kh3 0-1

[Event "Jacques Lemans op 18th"]
[Site "St Veit"]
[Date "1999.??.??"]
[Round "5.19"]
[White "Hager, Herbert"]
[Black "Zivkovic, Gorazd"]
[Result "1/2-1/2"]
[WhiteElo "2185"]
[BlackElo "1884"]
[PlyCount "28"]
[EventDate "1999.07.??"]
[EventType "swiss"]
[EventRounds "9"]
[EventCountry "AUT"]
[SourceTitle "EXT 2004"]
[Source "ChessBase"]
[SourceDate "2003.11.25"]
[SourceVersion "1"]
[SourceVersionDate "2003.11.25"]
[SourceQuality "1"]

1. Nf3 c5 2. g3 Nc6 3. Bg2 g6 4. c4 Bg7 5. Nc3 d6 6. 0-0 f5 7. d3 e5 8. a3 Nf6 9. Rb1 Bd7 10. b4 b6 11. Nb5 Qb8 12. Be3 a6 13. Nc3 Qa7 14. Nd2 Rb8 1/2-1/2

[Event "Vienna op 13th"]
[Site "Vienna"]
[Date "1998.??.??"]
[Round "?"]
[White "Tindall, Brett"]
[Black "Hager, Herbert"]
[Result "1-0"]
[WhiteElo "2275"]
[BlackElo "2225"]
[PlyCount "56"]
[EventDate "1998.10.25"]
[EventType "swiss"]
[EventRounds "9"]
[EventCountry "AUT"]
[SourceTitle "EXT 2000"]
[Source "ChessBase"]
[SourceDate "1999.11.16"]
[SourceVersion "1"]
[SourceVersionDate "1999.11.16"]
[SourceQuality "1"]

1. e4 c5 2. Nf3 d6 3. d4 cxd4 4. Nxd4 Nf6 5. Nc3 e6 6. g4 h6 7. Rg1 a6 8. h4 h5 9. g5 Ng4 10. Be2 Ne5 11. f4 Nec6 12. Nxc6 Nxc6 13. Be3 g6 14. Qd2 Bg7 15. 0-0-0 Qa5 16. Qxd6 Bf8 17. Qd3 b5 18. e5 Be7 19. Bf3 Qc7 20. Ne4 0-0 21. Nd6 Rd8 22. Qe4 Bd7 23. Bxh5 Bxd6 24. exd6 Qa5 25. Bxg6 Be8 26. Bh5 Kf8 27. g6 f6 28. f5 Qxa2 1-0

[Event "Oberwart op"]
[Site "Oberwart"]
[Date "1997.07.11"]
[Round "7"]
[White "Hager, Herbert"]
[Black "Ruck, Robert"]
[Result "0-1"]
[WhiteElo "2190"]
[BlackElo "2450"]
[PlyCount "80"]
[EventDate "1997.07.05"]
[EventType "swiss"]
[EventRounds "9"]
[EventCountry "AUT"]
[SourceTitle "EXT 1999"]
[Source "ChessBase"]
[SourceDate "1998.11.16"]
[SourceVersion "1"]
[SourceVersionDate "1998.11.16"]
[SourceQuality "1"]

1. Nf3 d6 2. c4 e5 3. Nc3 Nf6 4. g3 Be7 5. Bg2 0-0 6. 0-0 Nbd7 7. d3 c6 8. b3 Re8 9. Bb2 a6 10. Nd2 Nb6 11. b4 Be6 12. Nb3 Nbd7 13. Na5 Qc7 14. a3 Rad8 15. Rc1 Bf8 16. h3 g6 17. Qd2 Bg7 18. Kh2 Nb6 19. e4 Qb8 20. Qe3 Nc8 21. Rc2 Ne7 22. Rfc1 b6 23. Nb3 d5 24. cxd5 cxd5 25. exd5 Nfxd5 26. Nxd5 Nxd5 27. Bxd5 Bxd5 28. Nd2 Rd7 29. Nc4 Rb7 30. Qd2 b5 31. Na5 Rd7 32. Qe3 h6 33. Rc5 Kh7 34. R1c2 Qd6 35. d4 Re6 36. dxe5 Bxe5 37. Bxe5 Rxe5 38. Qd4 Qf6 39. Rd2 Qf3 40. Rxd5 Rexd5 0-1

[Event "Casino op 3rd"]
[Site "Velden"]
[Date "1995.??.??"]
[Round "3"]
[White "Hager, Herbert"]
[Black "Herzog, Heinz"]
[Result "1/2-1/2"]
[WhiteElo "2153"]
[BlackElo "2074"]
[PlyCount "95"]
[EventDate "1995.06.30"]
[EventType "swiss"]
[EventRounds "9"]
[EventCountry "AUT"]
[SourceTitle "EXT 2022"]
[Source "ChessBase"]
[SourceDate "2021.10.06"]
[SourceVersion "1"]
[SourceVersionDate "2021.10.06"]
[SourceQuality "1"]

1. d4 d5 2. c4 e6 3. Nc3 Nf6 4. Bg5 Nbd7 5. e3 c6 6. Nf3 Qa5 7. Qc2 Ne4 8. cxd5 exd5 9. Bd3 Nxg5 10. Nxg5 h6 11. Nf3 Be7 12. a3 0-0 13. 0-0 Nf6 14. b4 Qd8 15. h3 Be6 16. Na4 Bd6 17. Rfc1 Re8 18. Rab1 Qe7 19. Rb3 Rad8 20. Qb2 Ne4 21. Nc5 Bc8 22. Qc2 Ng5 23. Nxg5 Qxg5 24. Kf1 f5 25. Be2 f4 26. e4 Bxc5 27. Qxc5 dxe4 28. Qxg5 hxg5 29. Rc5 Be6 30. Rbc3 Bd5 31. Bc4 Re7 32. Bxd5+ Rxd5 33. b5 Rxd4 34. bxc6 bxc6 35. Rxg5 Red7 36. Rc1 Rd1+ 37. Rxd1 Rxd1+ 38. Ke2 Ra1 39. Ra5 Ra2+ 40. Ke1 Kf7 41. Rf5+ Ke6 42. Rxf4 Ke5 43. Rg4 Rxa3 44. Rxg7 a5 45. h4 a4 46. h5 Ra1+ 47. Kd2 Ra2+ 48. Ke3 1/2-1/2